Statistics for A Series Of Unfortunate Events Actors

Click here to take the quiz!

General Stats

  • This quiz has been taken 64 times
  • The average score is 11 of 22

Answer Stats

HintAnswer% Correct
Neil Patrick HarrisCount Olaf
100%
Louis HynesKlaus
100%
Malina WeissmanViolet
98%
Presley SmithSunny
96%
K. Todd FreemanMr. Poe
88%
Patrick WarburtonLemony Snicket
83%
Lucy PunchEsmé
67%
Usmann AlleyFernald | Hooky | Hook-Handed Man
56%
Dylan KingwellDuncan | Quigley
50%
Avi LakeIsadora
50%
Joan CusackJustice Strauss
48%
Nathan FillionJacques Snicket
46%
Allison WilliamsKit Snicket
46%
Aasif MandviDr. Montgomery Montgomery
38%
Jacqueline Robbins and Joyce RobbinsWhite-Faced Women
37%
Kitana TurnbullCarmelita Spats
27%
Tony HaleJerome
27%
Sara RueOlivia Caliban | Madame Lulu
25%
John DeSantisBald Man
15%
Matt CardaroplePerson of Indeterminate Gender
15%
Patrick BreenLarry Your-Waiter
13%
Ithamar EnriquezHector
6%

Score Distribution

Percentile by Number Answered

Percent of People with Each Score

Your Score History

You have not taken this quiz